Анализ энергоэффективности эксплуатации установки электроцентробежного насоса при добыче нефти на месторождении Х; Проблемы геологии и освоения недр; Т. 2

Dades bibliogràfiques
Parent link:Проблемы геологии и освоения недр=Problems of Geology and Subsurface Development: труды XXIV Международного симпозиума имени академика М. А. Усова студентов и молодых учёных, посвященного 75-летию Победы в Великой Отечественной войне, Томск, 6-10 апреля 2020 г./ Национальный исследовательский Томский политехнический университет, Инженерная школа природных ресурсов ; гл. ред. А. С. Боев ; под ред. Е. Ю. Пасечник.— , 2020
Т. 2.— 2020.— [С. 147-148]
Autor principal: Ундулганов Д. А.
Autor corporatiu: Национальный исследовательский Томский политехнический университет Инженерная школа природных ресурсов Отделение нефтегазового дела
Altres autors: Цибульникова М. Р. Маргарита Радиевна (научный руководитель)
Sumari:Заглавие с экрана
Idioma:rus
Publicat: 2020
Col·lecció:Современные технологии разработки нефтяных и газовых месторождений
Matèries:
Accés en línia:http://earchive.tpu.ru/handle/11683/62938
Format: Electrònic Capítol de llibre
KOHA link:https://koha.lib.tpu.ru/cgi-bin/koha/opac-detail.pl?biblionumber=631461

MARC

LEADER 00000naa2a2200000 4500
001 631461
005 20231101133649.0
035 |a (RuTPU)RU\TPU\conf\33162 
035 |a RU\TPU\conf\33161 
090 |a 631461 
100 |a 20200903d2020 k y0rusy50 ca 
101 0 |a rus 
102 |a RU 
105 |a y z 100zy 
135 |a drcn ---uucaa 
181 0 |a i  
182 0 |a b 
200 1 |a Анализ энергоэффективности эксплуатации установки электроцентробежного насоса при добыче нефти на месторождении Х  |f Д. А. Ундулганов  |g науч. рук. М. Р. Цибульникова 
203 |a Текст  |c электронный 
225 1 |a Современные технологии разработки нефтяных и газовых месторождений 
230 |a 1 компьютерный файл (pdf; 1 278 Kb) 
300 |a Заглавие с экрана 
320 |a [Библиогр.: с. 148 (3 назв.)] 
461 1 |0 (RuTPU)RU\TPU\conf\32983  |t Проблемы геологии и освоения недр  |l Problems of Geology and Subsurface Development  |o труды XXIV Международного симпозиума имени академика М. А. Усова студентов и молодых учёных, посвященного 75-летию Победы в Великой Отечественной войне, Томск, 6-10 апреля 2020 г.  |o в 2 т.  |f Национальный исследовательский Томский политехнический университет, Инженерная школа природных ресурсов ; гл. ред. А. С. Боев ; под ред. Е. Ю. Пасечник  |d 2020 
463 1 |0 (RuTPU)RU\TPU\conf\32985  |t Т. 2  |v [С. 147-148]  |d 2020 
610 1 |a труды учёных ТПУ 
610 1 |a электронный ресурс 
610 1 |a энергоэффективность 
610 1 |a электроцентробежные насосы 
610 1 |a добыча нефти 
610 1 |a месторождения 
610 1 |a установки 
610 1 |a эксплуатация 
700 1 |a Ундулганов  |b Д. А. 
702 1 |a Цибульникова  |b М. Р.  |c геолог  |c доцент Томского политехнического университета, кандидат географических наук  |f 1958-  |g Маргарита Радиевна  |2 stltpush  |4 727 
712 0 2 |a Национальный исследовательский Томский политехнический университет  |b Инженерная школа природных ресурсов  |b Отделение нефтегазового дела  |h 8084  |2 stltpush  |3 (RuTPU)RU\TPU\col\23546 
801 2 |a RU  |b 63413507  |c 20211118  |g RCR 
856 4 |u http://earchive.tpu.ru/handle/11683/62938 
942 |c BK